000 00347 a2200157 4500
001 160192
020 _a
040 _cMagnum
100 _aCagliari, Luiz Carlos
240 1 0 _aAlfabetizacao e linguistica/v.3
_lpor
245 1 0 _aAlfabetizacao e linguistica/v.3
362 0 _a1899
440 1 _aScipione
697 _aPEDAGOGIA
942 _cBK
999 _c160192
_d160192